Cap a L`est.
Uložené v:
| Médium: | Kniha |
|---|---|
| Jazyk: | French |
| Vydané: |
Bratislava :
Literárne informačné centrum,
2003
|
| Vydanie: | 1. vyd. |
| Témy: | |
| ISBN: |
8088878780 (brož.) |
| Fyzický popis: |
71 s. |
| Tagy: |
Pridať tag
Žiadne tagy, Buďte prvý kto otaguje tento záznam!
|
Titul je dostupný aj v ... 

MARC
| LEADER | 00000nam a2200000 a 4500 | ||
|---|---|---|---|
| 001 | 000088872 | ||
| 003 | SVKK | ||
| 005 | 20040401000000.0 | ||
| 008 | 031217s2003 xo e freo | ||
| 020 | |a 8088878780 (brož.) | ||
| 040 | |a SVKKK |b slo |c SVKKK |e AACR2 | ||
| 041 | 0 | |a fre | |
| 044 | |a xo |c SK | ||
| 080 | |a 821.133.1-1 |2 1997 | ||
| 080 | |a 06.6:821.133.1-1 |2 1997 | ||
| 080 | |a 82-1 |2 1997 | ||
| 245 | 0 | 0 | |a Cap a L`est. |
| 250 | |a 1. vyd. | ||
| 260 | |a Bratislava : |b Literárne informačné centrum, |c 2003 | ||
| 300 | |a 71 s. | ||
| 500 | |a Názov a text aj slov. | ||
| 653 | 0 | |a poézia |2 SVKKKPH | |
| 653 | 0 | |a básnici frankofónni |2 SVKKKPH | |
| 653 | 0 | |a Slovensko |2 SVKKKPH | |
| 653 | 0 | |a festivaly |2 SVKKKPH | |
| 655 | 7 | |a zborníky |2 SVKKKPH | |
| 910 | |a svkkk | ||
| 919 | |a 80-88878-78-0 | ||
| 974 | |a TI |d 20040401 | ||
| 974 | |a KL |d 20040331 | ||
| 974 | |a TI |d 20040401 | ||
| 998 | |a BK | ||
| 090 | |g SCKHL |k Sklad Pribinova 2. posch. |a III.195602 |j 958035 |i 2720019422 |s Absenčne | ||